Cohesion and the development challenge facing the lagging regions (Record no. 5956)

MARC details
000 -LEADER
fixed length control field 00614nam a22002057i 4500
001 - CONTROL NUMBER
control field 6369
003 - CONTROL NUMBER IDENTIFIER
control field OSt
005 - DATE AND TIME OF LATEST TRANSACTION
control field 20181025110932.0
007 - PHYSICAL DESCRIPTION FIXED FIELD--GENERAL INFORMATION
fixed length control field tu
008 - FIXED-LENGTH DATA ELEMENTS--GENERAL INFORMATION
fixed length control field 161220s1995 xxu||||| |||| 00| 0 d
020 ## - INTERNATIONAL STANDARD BOOK NUMBER
International Standard Book Number 9282697061
024 7# - OTHER STANDARD IDENTIFIER
Standard number or code 6369
Source of number or code RID
024 7# - OTHER STANDARD IDENTIFIER
Standard number or code 6369
Source of number or code RSN (alt)
040 ## - CATALOGING SOURCE
Transcribing agency OSt
110 2# - MAIN ENTRY--CORPORATE NAME
Corporate name or jurisdiction name as entry element European Commission
245 00 - TITLE STATEMENT
Title Cohesion and the development challenge facing the lagging regions
Remainder of title Regional development studies
260 ## - PUBLICATION, DISTRIBUTION, ETC.
Place of publication, distribution, etc. Luxembourg :
Name of publisher, distributor, etc. Office for Official Publications of the European Communities,
Date of publication, distribution, etc. 1995.
490 ## - SERIES STATEMENT
Series statement European Union. Regional Policy and Cohesion
942 ## - ADDED ENTRY ELEMENTS (KOHA)
Koha item type Paper
Holdings
Withdrawn status Lost status Damaged status Not for loan Home library Current library Shelving location Date acquired Inventory number Total Checkouts Barcode Date last seen Price effective from Koha item type
        WIIW WIIW Library 08/04/2004 6369   10001864 01/26/2017 01/26/2017 Paper
The Vienna Instiute for International Economic Studies (wiiw)